000 00468nam a2200169 a 4500
001 0000-9099
003 ELIB.Books
008 110520 1956
035 _a(ELIB.Books)0000-9248
082 _a253.5
_bCli
100 _aClinebell, Howard J.
245 _aUnderstanding and Counseling the Alcoholic
260 _bNew York: Abingdon Press
_c1956
650 _aPastoral Theology
942 _2ddc
_cBK
998 _cbat
_e2011-05-20
_mcat
_u2019-06-18
999 _c9099
_d9099